Difference of opinion (Record no. 80436)

MARC details
000 -LEADER
fixed length control field 00946cab a22001935a 4500
001 - CONTROL NUMBER
control field L144347
008 - FIXED-LENGTH DATA ELEMENTS--GENERAL INFORMATION
fixed length control field 080714e20080704xxk f v 000 0 eng d
035 ## - SYSTEM CONTROL NUMBER
System control number (Sirsi) u144347
041 0# - LANGUAGE CODE
Language code of text/sound track or separate title eng
100 1# - MAIN ENTRY--PERSONAL NAME
Personal name Ross, Jonathan
245 00 - TITLE STATEMENT
Title Difference of opinion
Remainder of title case news
260 ## - PUBLICATION, DISTRIBUTION, ETC.
Date of publication, distribution, etc. 2008
490 #0 - SERIES STATEMENT
Series statement Property Week
Volume/sequential designation 72(30) 4 July 2008, 89(1)
520 ## - SUMMARY, ETC.
Summary, etc. Discusses the case of Sutcliffe v Lloyd and another [2008] EWCH 1329 (Ch) (See L144348). The case was heard by the High Court on appeal from [2007] EWCA Civ 153 (See L138245). The court had to determine the level of damages payable to a party for being incorrectly excluded from a development project. The award was made in favour of the claimant, but at a much lower level than he had claimed.
590 ## - LOCAL NOTE (RLIN)
Local note KA
651 #4 - SUBJECT ADDED ENTRY--GEOGRAPHIC NAME
Geographic name England and Wales
Chronological subdivision 1543-
690 ## - LOCAL SUBJECT ADDED ENTRY--TOPICAL TERM (OCLC, RLIN)
Topical term or geographic name as entry element MANAGEMENT-DISPUTE AVOIDANCE, MANAGEMENT AND RESOLUTION-DISPUTE MANAGEMENT AND RESOLUTION-ARBITRATION
942 ## - ADDED ENTRY ELEMENTS (KOHA)
Suppress in OPAC 0
Holdings
Withdrawn status Lost status Source of classification or shelving scheme Damaged status Not for loan Home library Current library Shelving location Date acquired Total Checkouts Full call number Barcode Date last seen Copy number Price effective from Koha item type
    Dewey Decimal Classification     London London Journal article 14/07/2008   L144347 144347-1001 06/08/2019 1 06/08/2019 Journal article